Операционная система реального времени QNX Neutrino 6.5.0. Руководство пользователя: пер. с англ.

Бібліографічні деталі
Інші автори: Кондукова Е. Екатерина
Резюме:Книга является руководством по администрированию операционной системы реального времени QNX Neutrino 6.5.0. Приведены практические рекомендации по подключению и управлению оборудованием, обеспечению безопасности, повышению производительности, работе с сетевыми механизмами и по другим аспектам работы систем на основе QNX Neutrino.
Мова:Російська
Опубліковано: Санкт-Петербург, БХВ-Петербург, 2014
Предмети:
Формат: Невідомо
KOHA link:https://koha.lib.tpu.ru/cgi-bin/koha/opac-detail.pl?biblionumber=268462

MARC

LEADER 00000nmm0a2200000 4500
001 268462
005 20231101234153.0
010 |a 9785977533515 
035 |a (RuTPU)RU\TPU\book\291613 
035 |a RU\TPU\book\91772 
035 |a RU\TPU\book\263141 
090 |a 268462 
100 |a 20130820d2014 km y0rusy5002 ca 
101 1 |a rus  |c eng 
102 |a RU 
105 |a a z 000zy 
200 1 |a Операционная система реального времени QNX Neutrino 6.5.0. Руководство пользователя  |e пер. с англ.  |f гл. ред. Е. Кондукова 
210 |a Санкт-Петербург  |c БХВ-Петербург  |d 2014 
215 |a 480 с.  |c ил. 
330 |a Книга является руководством по администрированию операционной системы реального времени QNX Neutrino 6.5.0. Приведены практические рекомендации по подключению и управлению оборудованием, обеспечению безопасности, повышению производительности, работе с сетевыми механизмами и по другим аспектам работы систем на основе QNX Neutrino. 
606 1 |a Операционные системы  |2 stltpush  |3 (RuTPU)RU\TPU\subj\69886  |9 84548 
610 1 |a операционные системы реального времени 
610 1 |a QNX Neutrino 6.3 
610 1 |a понятия 
610 1 |a администрирование 
610 1 |a отказоустойчивость 
610 1 |a диагностика 
675 |a 004.451  |v 4  |z rus 
702 1 |a Кондукова  |b Е.  |g Екатерина  |4 651 
801 1 |a RU  |b 63413507  |c 20140903 
801 2 |a RU  |b 63413507  |c 20150430  |g RCR 
900 |a Системы реального времени 
942 |c MX 
959 |a 123/20140903  |d 1  |e 419,00  |f ЧЗТЛ:1